000 00999nmc a2200313 a 4500
003 AR-BaBNM
005 20251128205106.0
008 286019s1989 ||||||||||||||000 | spa||
020 _a84-86556-74-0
040 _cAR-BaBNM
100 1 _aCano, Pedro Luis
245 1 0 _aApuntes sobre la enseñanza y el vídeo
250 _a1ª ed.
260 _aBarcelona
_bAlta Fulla
_bFundación Serveis de Cultura Popular
_c1989
300 0 _a76 p.
490 0 _aVídeo y educación
_vv. 3
500 0 _aLa Fundación Serveis de Cultura Popular fue creada en 1977 y se interesa por las aplicaciones del vídeo a la enseñanza en todos sus niveles
500 0 _aTraducción del autor
650 4 _aTECNOLOGIA AUDIOVISUAL
650 4 _aMETODOS AUDIOVISUALES
650 4 _aTECNOLOGIA EDUCATIVA
650 4 _aTELEVISION EDUCATIVA
650 4 _aCOMUNICACION AUDIOVISUAL
650 4 _aENSENANZA AUDIOVISUAL
650 4 _aTECNICAS DE ENSENANZA
653 0 _aVIDEO
942 _cBK
998 _cSILVI
999 _c9957
_d9957